[Event "IECG WC.2009.T.00002 email"]
[Site "IECG email"]
[Date "2008.04.15"]
[Round "1"]
[White "Hellbing, Bernd"]
[Black "Khudoly, Kostya"]
[Result "1/2-1/2"]
[WhiteElo "2471"]
[BlackElo "2409"]
[PlyCount "63"]
[EventDate "2008.04.15"]
[EventType "tourn (corr)"]
[EventRounds "10"]
[SourceTitle "Corr 2024"]
[Source "ChessBase"]
[SourceDate "2023.10.19"]
[SourceVersion "1"]
[SourceVersionDate "2023.10.19"]
[SourceQuality "1"]

1. c4 f5 2. g3 Nf6 3. Bg2 e5 4. d4 Bb4+ 5. Bd2 Bxd2+ 6. Qxd2 d6 7. Nc3 Qe7 8. e3 exd4 9. Qxd4 Nc6 10. Qd1 Ne5 11. Nge2 Bd7 12. 0-0 c6 13. b3 h5 14. h4 g5 15. hxg5 Nfg4 16. Qd2 h4 17. f3 h3 18. Bh1 h2+ 19. Kg2 0-0-0 20. fxg4 Nxg4 21. Rf3 Qxg5 22. Qxd6 f4 23. Nxf4 Nxe3+ 24. Rxe3 Bh3+ 25. Nxh3 Qxe3 26. Qf4 Qxc3 27. Rf1 Qb2+ 28. Rf2 Qa1 29. Qf5+ Kb8 30. Qf6 Qd1 31. Qe5+ Ka8 32. Kxh2 1/2-1/2

[Event "IECG WC.2009.T.00002 email"]
[Site "IECG email"]
[Date "2008.04.15"]
[Round "1"]
[White "Khudoly, Kostya"]
[Black "Nadanian, Ashot"]
[Result "1/2-1/2"]
[WhiteElo "2409"]
[BlackElo "2295"]
[PlyCount "98"]
[EventDate "2008.04.15"]
[EventType "tourn (corr)"]
[EventRounds "10"]
[SourceTitle "Corr 2024"]
[Source "ChessBase"]
[SourceDate "2023.10.19"]
[SourceVersion "1"]
[SourceVersionDate "2023.10.19"]
[SourceQuality "1"]

1. e4 e5 2. Bc4 Nf6 3. Nc3 Nc6 4. d3 Na5 5. Nge2 Be7 6. a4 Nxc4 7. dxc4 d6 8. a5 0-0 9. 0-0 Be6 10. Qd3 Nd7 11. Ng3 Nc5 12. Qe2 Bg5 13. Rd1 Bxc1 14. Raxc1 g6 15. h3 f5 16. b4 Nd7 17. exf5 gxf5 18. c5 dxc5 19. bxc5 Qe7 20. Nd5 Qxc5 21. Nf4 Bc4 22. Qh5 Rf7 23. Nd3 Qxa5 24. Nxf5 Kh8 25. Ne3 Be6 26. Rb1 b6 27. Qh6 Rf6 28. Qh4 Qc3 29. Nb4 Rf7 30. Rd3 Qc5 31. Nbd5 Raf8 32. Rbd1 Qd6 33. g3 Rg7 34. Qh6 e4 35. R3d2 Qe5 36. Nxc7 Rg6 37. Qxg6 hxg6 38. Nxe6 Qxe6 39. Rxd7 Rf7 40. R7d6 Qxh3 41. R1d5 Kg7 42. Re5 Rd7 43. Nf5+ Qxf5 44. Rxf5 Rxd6 45. Re5 a5 46. Rxe4 Rc6 47. c4 Kf6 48. Kf1 a4 49. Ke2 Re6 1/2-1/2

[Event "IECG WC.2009.T.00002 email"]
[Site "IECG email"]
[Date "2008.04.15"]
[Round "1"]
[White "Sukhov, Nick"]
[Black "Khudoly, Kostya"]
[Result "1/2-1/2"]
[WhiteElo "2301"]
[BlackElo "2409"]
[PlyCount "93"]
[EventDate "2008.04.15"]
[EventType "tourn (corr)"]
[EventRounds "10"]
[SourceTitle "Corr 2024"]
[Source "ChessBase"]
[SourceDate "2023.10.19"]
[SourceVersion "1"]
[SourceVersionDate "2023.10.19"]
[SourceQuality "1"]

1. e4 c5 2. Nf3 Nc6 3. d4 cxd4 4. Nxd4 g6 5. Nc3 Bg7 6. Be3 Nf6 7. Bc4 0-0 8. Bb3 a5 9. 0-0 Nxd4 10. Bxd4 d6 11. a4 Be6 12. Bd5 Bd7 13. f3 Nxd5 14. exd5 e6 15. dxe6 Bxe6 16. Bxg7 Kxg7 17. Qd4+ Qf6 18. Qxd6 Rfd8 19. Qb6 Qd4+ 20. Qxd4+ Rxd4 21. Rf2 Rad8 22. Re1 h5 23. b3 Bf5 24. Nb5 Rd1 25. Kf1 R1d5 26. Rfe2 Rc5 27. Na3 Rc3 28. Re3 Rc6 29. R1e2 Rd1+ 30. Kf2 b6 31. c4 h4 32. Rb2 h3 33. g4 Bd7 34. Kg3 f5 35. Kxh3 Rcd6 36. Nb5 R6d3 37. Rbe2 g5 38. Re1 fxg4+ 39. Kg3 Rxe3 40. Rxe3 gxf3 41. Kxf3 Rd2 42. Nc3 Rxh2 43. Ke4 Rh6 44. Nd5 Re6+ 45. Kd4 Rxe3 46. Kxe3 Be6 47. Nxb6 1/2-1/2

[Event "IECG CP.2006.P.00029 email"]
[Site "IECG email"]
[Date "2006.10.01"]
[Round "?"]
[White "Khudoly, Kostya"]
[Black "Lehnberger, Karl"]
[Result "1-0"]
[WhiteElo "2262"]
[BlackElo "1584"]
[PlyCount "25"]
[EventDate "2006.10.01"]
[EventType "tourn (corr)"]
[EventRounds "6"]
[SourceTitle "Corr 2024"]
[Source "ChessBase"]
[SourceDate "2023.10.19"]
[SourceVersion "1"]
[SourceVersionDate "2023.10.19"]
[SourceQuality "1"]

1. e4 c5 2. Nf3 d6 3. d4 cxd4 4. c3 Nf6 5. cxd4 Nxe4 6. d5 Qa5+ 7. Nc3 Nxc3 8. bxc3 Qxc3+ 9. Bd2 Qb2 10. Rb1 Qxa2 11. Qc1 Kd8 12. Bc4 Qa4 13. Ng5 1-0

[Event "IECG CM.2005.0.00277"]
[Site "IECG email"]
[Date "2005.04.24"]
[Round "?"]
[White "Khudoly, Kostya"]
[Black "Bartos, Mike"]
[Result "1-0"]
[WhiteElo "2262"]
[BlackElo "2206"]
[PlyCount "27"]
[EventDate "2005.04.24"]
[EventType "tourn (corr)"]
[EventRounds "6"]
[SourceTitle "Corr 2024"]
[Source "ChessBase"]
[SourceDate "2023.10.19"]
[SourceVersion "1"]
[SourceVersionDate "2023.10.19"]
[SourceQuality "1"]

1. e4 e5 2. Bc4 Nc6 3. Nc3 Nf6 4. d3 Na5 5. Nge2 Nxc4 6. dxc4 Bc5 7. 0-0 d6 8. Qd3 Be6 9. Bg5 h6 10. Bxf6 Qxf6 11. Nd5 Bxd5 12. cxd5 0-0 13. Ng3 g6 14. Rad1 1-0